Incident prioritisation for instrusion response systems /
Saved in:
| Main Author: | |
|---|---|
| Format: | Thesis Book |
| Language: | English |
| Published: |
2012.
|
| Subjects: | |
| Tags: |
Add Tag
No Tags, Be the first to tag this record!
|
| LEADER | 01217cam a2200277 a 4500 | ||
|---|---|---|---|
| 001 | u855962 | ||
| 003 | SIRSI | ||
| 005 | 201205071055 | ||
| 008 | 120507s2012 enka v 000 0 eng m | ||
| 040 | |a UMM | ||
| 090 | |a TK5105.59 |b Norba | ||
| 100 | 0 | |a Nor Badrul Anuar. | |
| 245 | 1 | 0 | |a Incident prioritisation for instrusion response systems / |c by Nor Badrul Anuar Jumaat. |
| 260 | |c 2012. | ||
| 270 | |g Nor Badrul Anuar Jumaat, Department of Computer System and Technology, Faculty of Computer Science and Information Technology, University of Malaya. E-mail : badrul@um.edu.my | ||
| 300 | |a xix, 217 leaves : |b ill. ; |c 30 cm. | ||
| 500 | |a Supervisor: Prof. Steven M. Funell | ||
| 502 | |a Thesis (Ph.D) -- School of Computing and Mathematics, Faculty of Science and Techonogy, Plymouth University, 2012. | ||
| 504 | |a Bibliography: leaves 175-189. | ||
| 650 | 0 | |a Intrusion detection systems (Computer security). | |
| 650 | 0 | |a Computer networks |x Security measures. | |
| 650 | 0 | |a Computer security. | |
| 710 | 2 | 0 | |a University of Plymouth. |b School of Computing and Mathematics. |
| 900 | |a ZA | ||
| 596 | |a 1 | ||
| 999 | |a TK5105.59 NORBA |w LC |c 1 |i A514966596 |d 15/10/2014 |f 15/10/2014 |g 1 |l STACKS |m P01UTAMA |r Y |s Y |t TESIS |u 15/10/2014 | ||
